[Event "Grand Slam Final 3rd"]
[Site "Bilbao"]
[Date "2010.10.11"]
[Round "3"]
[White "Shirov, Alexei"]
[Black "Carlsen, Magnus"]
[Result "1/2-1/2"]
[WhiteElo "2749"]
[BlackElo "2826"]
[Annotator "Edouard,Romain"]
[PlyCount "349"]
[EventDate "2010.10.09"]
[EventType "tourn"]
[EventRounds "6"]
[EventCountry "ESP"]
[EventCategory "22"]
[SourceTitle "CBM 139"]
[Source "ChessBase"]
[SourceDate "2010.11.18"]
[SourceVersion "1"]
[SourceVersionDate "2010.11.18"]
[SourceQuality "1"]

1. e4 {Edouard,Romain} e5 2. Nf3 Nc6 3. Bb5 a6 4. Ba4 Nf6 5. O-O Be7 6. Re1 b5 7. Bb3 d6 8. c3 O-O 9. h3 Nb8 10. d4 Nbd7 {The well-known Breyer defense. Carlsen already played it twice this year, but in rapid games only (against Smeets and Anand).} 11. Nbd2 Bb7 12. Bc2 Re8 ({Magnus tried the rarer} 12... c5 $5 {against Smeets.}) 13. a4 Bf8 14. Bd3 c6 15. b4 $5 {The most fashionable move over the last months.} (15. b3 {and 15.f1 are the two other common options.}) 15... Nb6 16. axb5 cxb5 $5 {Played only once, but convincingly, by German player Baramidze! And not against anybody: against Shirov himself! This leads to a totally different kind of position in comparison to the other capture. Instead of trying to hold a rather "passive" draw, Black tries to put up pressure on the king-side. Typical Magnus!} (16... axb5 17. Rxa8 Bxa8 (17... Qxa8 18. Nb3 {is also possible.}) 18. Nb3 Bb7 19. dxe5 dxe5 20. Be3 Bc8 21. Qc2 Qc7 22. Na5 Bd7 23. Rc1 h6 24. Nd2 Na4 25. Ndb3 Rb8 26. Ra1 c5 27. bxc5 Nxc5 28. Nxc5 {½-½ Anand-Carlsen, Kristiansund (NOR) 2010}) 17. d5 Rc8 18. Bb2 $146 {Shirov's improvement.} (18. Qb3 Qc7 19. Bb2 Nh5 20. Rac1 f5 (20... Nf4 $5 21. Bf1 f5 {is also to check.}) 21. c4 fxe4 22. cxb5 Qd7 23. Nxe4 Bxd5 24. Qd1 Rxc1 25. Bxc1 axb5 26. Nfg5 Bxe4 27. Nxe4 Nf4 28. Bxf4 exf4 29. Ng5 Rxe1+ 30. Qxe1 Qe7 31. Ne6 Kf7 $4 (31... g6 {should hold a draw.}) 32. Bxh7 Qf6 33. h4 Qe5 34. Ng5+ Ke8 35. Qc1 Nc4 36. Nf3 Qf6 37. Bg8 d5 38. Bxd5 Qb2 39. Bc6+ Kd8 40. Qd1+ Nd6 41. Nd4 Qxb4 42. Bxb5 Qc3 {1-0 Shirov,A (2730)-Baramidze,D (2532)/GER 2010}) ({RR} 18. Ra3 Nh5 19. Nf1 g6 20. N1h2 Bg7 21. Bg5 Qd7 22. Be3 Nc4 ({RR} 22... Nxd5 23. exd5 e4) ({RR} 22... Na4) 23. Bxc4 Rxc4 24. Nd2 Rc7 25. Nhf1 Nf4 26. Bb6 Rcc8 27. Ne3 f5 28. f3 Rf8 29. Kh2 Rf7 ({RR} 29... Nd3 30. Rf1 Bh6 31. Qb1 Nf4 32. c4 Ne2 ({RR} 32... bxc4 33. Nexc4 Ne2 34. Be3) 33. c5 Bf4+ 34. Kh1 Ng3+ 35. Kg1 Nxf1 36. Ndxf1) 30. c4 bxc4 31. Nexc4 fxe4 32. fxe4 Rcf8 {Anand,V (2800)-Carlsen,M (2826) Bilbao 2010 CBM 139 [Edouard,Romain] ½-½ (50)}) ({RR} 18. Qb3 Qc7 19. Bb2 Nh5 20. Rac1 f5 21. c4 fxe4 22. cxb5 Qd7 23. Nxe4 Bxd5 24. Qd1 Rxc1 25. Bxc1 axb5 26. Nfg5 Bxe4 27. Nxe4 Nf4 28. Bxf4 exf4 29. Ng5 Rxe1+ 30. Qxe1 Qe7 31. Ne6 Kf7 32. Bxh7 Qf6 {Shirov,A (2730)-Baramidze,D (2532) Germany 2010 1-0 (42)}) 18... Nh5 19. Bf1 $146 ({RR} 19. Nb3 Nf4 20. Bf1 f5 21. Na5 Ba8 22. Nc6 Bxc6 23. dxc6 Nc4 24. Bc1 fxe4 25. Rxe4 d5 26. Bxc4 bxc4 27. Rxe5 Nd3 28. Rxe8 Qxe8 29. Rxa6 Rxc6 30. Rxc6 Qxc6 31. Be3 Be7 32. Nd4 Qa8 33. b5 Bc5 {Matinian,N (2438)-Bogdanovich,S (2513) Moscow 2012 1-0 (38)}) ({RR} 19. Nb3 Nf4 20. Na5 Nxd3 21. Qxd3 Ba8 {½-½ (21) Peptan,C (2421)-Miron,L (2506) Eforie Nord 2011}) 19... f5 20. Nxe5 {The point of leaving White's queen on d1!} (20. exf5 Nf4 {should be OK for Black without huge problems.}) 20... Rxe5 21. c4 $1 (21. Qxh5 fxe4 {would be fine for Black.}) 21... Nf6 $1 22. Bxe5 (22. c5 fxe4 (22... Rxd5 23. exd5 dxc5 24. bxc5 Bxc5 {looks risky for Black, somehow!}) 23. Bxe5 dxe5 24. d6 {comes back into the game.}) 22... dxe5 23. c5 fxe4 24. d6 $1 {A totally messy position. But what else to expect in a game between Shirov and Carlsen?!} (24. cxb6 Bxb4 {is definitely fine for Black.}) 24... Na4 $5 {Interesting, brave, and clever option, while everybody was expecting a capture on d6! Instead, Black wants to sac a piece on c5!} (24... Bxd6 25. cxd6 Qxd6 26. Qb3+ Kh8 27. Rad1 {should be better for White, with an easy play.}) 25. Nc4 $6 {A funny move, which seems like a mistake.} (25. Rxa4 bxa4 26. Nc4 (26. Qxa4 Bxd6 27. cxd6 Qxd6 {should hold a draw easily.}) 26... Qe8 $8 {followed by ...Rd8, and sooner or later, Black will sac a piece and equalize (yes, yes, I'm for sure right: the engine agrees with me, not to say that I agree with the engine!).}) (25. Bc4+ {should be best:} Kh8 26. Be6 Rxc5 $1 27. bxc5 Nxc5 {and again, I will not push more the analysis of this crazy position too much, as it would become unreadable! But for instance, it could go on with} 28. Bf5 Bxd6 (28... Qxd6 29. Qc2 Qc6 30. Nb3 e3 31. f3 Nxb3 32. Qxb3 Bc5 33. Rac1 e4 34. fxe4 Nxe4 35. Bxe4 Qxe4 36. Re2 {here White is for sure better, but I would be surprised if there were no draw!}) 29. Qc2 Qa8 30. Nb3 Nd3 31. Red1 {after what White should have better chances. I must admit that this position is too complicated for my small mind!}) (25. Rc1 Bxd6 26. cxd6 Rxc1 27. Qxc1 Qxd6 {should be an improvement (for Black) to 24...Bxd6.}) 25... Nxc5 $1 26. bxc5 Rxc5 27. Qb3 Bd5 28. Qb4 Rxc4 (28... Rc6 $5 {should be stronger, but after} 29. Nxe5 (29. Ne3 Qxd6 30. Qxd6 Bxd6 31. Rec1 Rb6 32. Rc8+ Kf7 33. Nxd5 Nxd5 {and only Black can try to go for a win.}) 29... Rxd6 30. Red1 {the position should be likely a draw, thought Black should keep better chances.}) 29. Bxc4 bxc4 30. Rxa6 {Now White should be able to keep the balance.} Qc8 31. Qa5 c3 32. d7 Qxd7 33. Qxc3 Qb7 34. Rea1 Qb8 35. Ra7 h6 36. Rc7 Qb6 37. Qxe5 Bd6 38. Rc8+ Kf7 39. Qc3 Qb7 40. Rca8 Qxa8 $5 41. Rxa8 Bxa8 {Ok, from here, there might be few moves too much according to my poor endgame level. Still, it is very impressive to see Magnus's determination in winning games, even though it is pretty understandable after his difficult start.} 42. Qd4 Bd5 43. Qa7+ Be7 44. Qc7 h5 45. Qe5 g6 46. Kh2 Be6 47. Kg1 Bf5 48. Kf1 Ne8 49. Kg1 Ng7 50. Qd5+ Ne6 51. Qb7 h4 52. Kh2 Nf4 53. Kg1 Nd3 54. Kf1 Nc5 55. Qd5+ Be6 56. Qe5 Bf5 57. Qd5+ Ne6 58. Qb7 Kf8 59. Qa8+ Bd8 60. Qa7 Bf6 61. Qb7 Kg8 62. Qa7 Bg5 63. Ke2 Nf4+ 64. Kf1 Nh5 65. Ke2 Kf8 66. Kf1 Bf6 67. Qc7 Ng7 68. Qa7 Ne6 69. Qb7 Nd8 70. Qa7 Nf7 71. Kg1 Kg7 72. Kf1 Be5 73. Qe7 g5 74. Kg1 Bf6 75. Qb7 Kg6 76. Qd5 Ne5 77. Qg8+ Bg7 78. Qe8+ Kh6 79. Qe7 Nd3 80. Kf1 Nf4 81. Qd6+ Bg6 82. Qe7 Nd5 83. Qe6 Nf6 84. Kg1 Be8 85. Qf5 Bd7 86. Qe5 Kg6 87. Kf1 Bf8 88. Kg1 Ba3 89. Qc7 Bb4 90. Qe5 Bd2 91. Qd4 Bf4 92. Qb6 Be8 93. Kf1 Bf7 94. Kg1 Kf5 95. Qa7 Be6 96. Kf1 Kg6 97. Qb6 Bd7 98. Kg1 Ba4 99. Qe6 Bb5 100. Qb6 Bc4 101. Qd4 Be6 102. Kf1 Bf5 103. Kg1 g4 104. hxg4 Bxg4 105. Qc3 Bf5 106. Qb3 Bg5 107. Kf1 Kh6 108. Kg1 Kg6 109. Kf1 Bd7 110. Kg1 Be8 111. Qc3 Bf7 112. Qe5 Bd5 113. Qc3 Be6 114. Qe5 Bd7 115. Qc3 Bf5 116. Qb3 Nh5 117. Qg8+ Ng7 118. Qb3 Ne6 119. Kh2 Bf6 120. Kg1 Bg7 121. Kf1 Ng5 122. Qb6+ Bf6 123. Kg1 h3 124. gxh3 Bxh3 125. Qd6 Bf5 126. Kg2 Nf3 127. Qd5 Kg5 128. Qg8+ Bg6 129. Qd5+ Be5 130. Qd8+ Kh5 131. Qd5 Bf5 132. Qf7+ Kg4 133. Qg8+ Ng5 134. Qc4 Bf4 135. Qg8 Be6 136. Qg7 Bf7 137. Qd4 Kf5 138. Qc5+ Be5 139. Qf8 Kg6 140. Qc5 Bf6 141. Qd6 Bc4 142. Qc6 Be6 143. Qd6 Bg4 144. Qd5 Bf3+ 145. Kf1 Nf7 146. Kg1 Ne5 147. Qg8+ Kf5 148. Qc8+ Kg5 149. Qg8+ Ng6 150. Qd5+ Kh6 151. Qe6 Be5 152. Qf5 Bf4 153. Qf6 Bg5 154. Qe6 Kg7 155. Qd7+ Ne7 156. Qe6 Bf6 157. Kf1 Kg6 158. Kg1 Nf5 159. Qg8+ Kh5 160. Qf7+ Kg5 161. Qg8+ Kf4 162. Qb8+ Kg4 163. Qg8+ Bg5 164. Qc8 Bf6 165. Qg8+ Kf4 166. Qb8+ Be5 167. Qb4 Nd4 168. Qf8+ Kg5 169. Qg8+ Kh6 170. Qf8+ Bg7 171. Qd6+ Kh5 172. Qh2+ Kg5 173. Qg3+ Bg4 174. Qe3+ Kf5 {Now the game is drawn according to the 50-moves rule. The transmission shows 175.Qd2 as a last move. Either a mistake, or some fun from Shirov, aiming to claim a draw in the event of 175...Nf3+.} 175. Qd2 1/2-1/2

[Event "Grand Slam Final 3rd"]
[Site "Bilbao"]
[Date "2010.10.14"]
[Round "5"]
[White "Carlsen, Magnus"]
[Black "Shirov, Alexei"]
[Result "1-0"]
[WhiteElo "2826"]
[BlackElo "2749"]
[Annotator "Ftacnik,Lubomir"]
[PlyCount "129"]
[EventDate "2010.10.09"]
[EventType "tourn"]
[EventRounds "6"]
[EventCountry "ESP"]
[EventCategory "22"]
[SourceTitle "CBM 139"]
[Source "ChessBase"]
[SourceDate "2010.11.18"]
[SourceVersion "1"]
[SourceVersionDate "2010.11.18"]
[SourceQuality "1"]

1. e4 e5 2. Nf3 Nc6 3. Bb5 a6 4. Ba4 Nf6 5. O-O b5 6. Bb3 Bc5 7. a4 Rb8 8. axb5 axb5 9. c3 d6 10. d4 Bb6 11. h3 O-O 12. Re1 h6 13. Na3 exd4 {The development of the knight to the a3-square is rather unpleasant for Black, since the defence of the b5-pawn requires some compromises.} (13... Re8 14. Nxb5 (14. d5 Ne7 15. Bc2 Ng6 16. b4 Bd7 17. Bd3 Nh5 18. Be3 Bxe3 19. fxe3 c6 20. Qc2 Nf6 21. dxc6 Bxc6 22. Nb1 Qb6 $17 {½-½ Wieczorek,O (2316)-Debashish,D (2411)/Chotowa 2010 (39)}) (14. dxe5 Nxe5 15. Nd4 c6 16. Bf4 Bd7 17. Nac2 Qc7 18. Ra6 Ng6 19. Qf3 Nxf4 20. Qxf4 Ra8 21. Rxa8 Rxa8 22. Nf5 Bxf5 23. exf5 $11 {0-1 Garcia Correa,J (2194)-Fenollar Jorda,M (2251)/Dos Hermanas 2004 (75)}) 14... exd4 15. cxd4 Ba5 16. Nc3 Bxc3 17. bxc3 Nxe4 18. Bd5 Nxc3 19. Bxc6 Nxd1 20. Rxe8+ Qxe8 21. Bxe8 Bb7 22. Bd7 {1-0 Houard,Y (2123)-Goldsztejn,G (2374)/Saint Affrique 2008 (34)}) (13... Ba7 14. Nxb5 Rxb5 15. Ba4 Ra5 16. b4 Nxb4 17. cxb4 Ra6 18. b5 Rb6 19. dxe5 dxe5 20. Ba3 Re8 21. Bc5 Rb7 22. b6 Bxb6 23. Bxb6 Rxb6 24. Bxe8 Qxe8 25. Ra5 $16 {1-0 Wieczorek,O (2125)-Golinski,D (1828)/Wroclaw 2007 (64)}) 14. cxd4 Na5 (14... Ba5 15. Re3 d5 16. Ne5 (16. e5 $1 Ne4 17. Qe2 $16) 16... Nxe5 17. dxe5 Nxe4 18. Bxd5 Be6 19. Rd3 Bxd5 20. Rxd5 Qh4 21. Qf3 Bb6 22. Be3 c6 23. Rd7 Ng5 24. Bxg5 Qxg5 25. Re1 Rbe8 26. Qxc6 Qf5 $11 {0-1 Dimitrijevic,A (2369)-Fontaine,R (2529)/Novi Sad 2003 (32)}) (14... d5 15. exd5 (15. e5 Ne4 16. Be3 Na5 17. Bc2 b4 18. Nb1 f5 19. Bd2 Qe7 20. Ra4 Nc6 21. Bb3 Be6 22. Be3 g5 23. Qc1 Qd7 24. Nbd2 f4 25. Nxe4 dxe4 26. d5 fxe3 27. dxe6 {½-½ Luque,W (2077)-Salas Arros,C (2412)/Callao 2007 (32)} exf2+ 28. Kh2 Qe7 29. Rxe4 Nd4 $19) 15... Nxd5 16. Nxb5 Bf5 (16... Ba5 17. Na7 $16) 17. Ra4 $16) 15. Bc2 b4 16. Nb5 $5 $146 {The knights of both players are currently the main heroes of the opening. The location of the knight on b5 seems to be rather shaky.} (16. Nb1 c5 17. dxc5 dxc5 18. Bf4 Qxd1 19. Rxd1 {½-½ Istratescu,A (2602)-Sofronie,I (2436)/Niort 2004}) 16... Ba6 (16... c6 $2 17. Nxd6 Qxd6 18. e5 $16) 17. Na7 (17. Bd3 Ra8 18. Bf4 Qd7 (18... d5 19. e5 Nh5 20. Bc1 $14) 19. Qe2 Rfe8 $11) 17... Bb7 $146 (17... Bxa7 18. Rxa5 Qc8 19. e5 $16) ({RR} 17... c5 18. e5 Nd7 19. Rxa5 Bxa5 20. Nc6 Qb6 21. Ne7+ Kh8 22. Bxh6 dxe5 23. Bxg7+ Kxg7 24. Nf5+ Kh8 25. Nxe5 Nf6 26. Re4 Qb7 27. Rh4+ Kg8 28. Qc1 Nh7 29. Rxh7 {1-0 (29) Primbetov,K (2297)-Zlatin,A (2195) Budapest 2017}) 18. d5 Ra8 19. Nb5 {The biggest crisis is over, since the knight has got the retreat route via the d4-square.} Nc4 (19... Re8 20. Nbd4 Nc4 21. Rxa8 Qxa8 22. b3 Ne5 $11) 20. Rxa8 Qxa8 21. Nbd4 {[%mdl 128] Carlsen will now concentrate on the clear and very dangerous plan of transferring the pieces to the kingside for the direct attack.} (21. Qe2 Qa2 22. Bd3 Ne5 23. Nxe5 dxe5 24. Bc4 Qa5 25. b3 $14) 21... Qa7 22. b3 Ne5 23. Bb2 Nxf3+ (23... Qa2 24. Qc1 Nxf3+ 25. Nxf3 (25. gxf3 $5) 25... Nd7 26. Nd4 $14) 24. gxf3 Qa2 25. Qc1 Bxd4 {Shirov has clearly realised, that the position has become very dangerous for him. The half open g-file will be an ideal ramp for maximizing White's pressure.} (25... Nd7 26. Kh1 Ne5 27. Rg1 $16) 26. Bxd4 Nd7 27. Kh1 $1 f6 28. Rg1 Rf7 (28... Ne5 29. Qxh6 Rf7 30. Bd1 Ba6 31. Qe3 $16) 29. Qd2 $1 {White is now threatening to trap the queen and after its retreat the liquidation of the h6-pawn.} (29. Bd1 Qa5 30. Qxh6 c5 31. dxc6 Bxc6 32. Qf4 $16) 29... Qa8 (29... Ne5 30. Ra1 Nxf3 31. Qd1 $18) 30. Qxh6 Ne5 31. Bd1 Qe8 32. Qe3 {The immediate advance of the pawn centre was a bit more radical, but Carlsen is taking into account his form and plays more cautiously.} (32. f4 Nd7 33. Qg6 c5 34. Bb2 Re7 35. Qf5 $16) 32... c5 33. Bb2 (33. dxc6 Qe6 $1 34. Kh2 Nxc6 35. Bb6 $1 d5 36. exd5 Qxd5 37. f4 Ne7 38. Bg4 $16) 33... Re7 $2 {Shirov has been clearly aware of the fact, that his position is in basically lost. Much better was to try for the counterplay with the advance of the c-pawn.} (33... c4 $5 34. Bd4 cxb3 35. Qxb3 Qb5 36. Kh2 $16) 34. f4 $1 Nd7 35. Qg3 Qf7 36. Bf3 (36. Bg4 Nf8 37. f3 $16) 36... Ba6 37. Bg4 Nf8 38. Bf5 c4 39. bxc4 Bxc4 40. Qh4 {An objectively stronger solution was not to part with the d5-pawn, but the direct attack does not spoil the game.} (40. Kh2 $5 Rc7 41. Qh4 Be2 42. Bxf6 Qh5 43. Qxh5 Bxh5 44. e5 $18) 40... Bxd5 41. f3 $1 (41. exd5 Qxd5+ 42. Kh2 Qxf5 $15) 41... Be6 42. Bxf6 Bxf5 (42... Rd7 43. Rxg7+ Qxg7 44. Bxg7 $18) 43. exf5 $1 {Several forceful and logical moves have decided the game even though White had to accept a somewhat curious pawn structure.} (43. Bxe7 $6 Ng6 44. Qh5 Nxe7 45. Qxf7+ Kxf7 46. exf5 $16) (43. Rxg7+ Qxg7 44. Bxg7 Rxg7 45. exf5 b3 46. Qd8 $18) 43... Rc7 44. Rxg7+ Qxg7 45. Bxg7 Rxg7 46. f6 {The most exact solution lay in the immediate attack on the black pawns with the white queen.} (46. Qe1 $1 Rf7 (46... Rb7 47. Qe4 $18) 47. Qxb4 Rxf5 48. Qxd6 $18) (46. Qf6 Rf7 47. Qxd6 Rxf5 48. Kh2 $18) 46... Rd7 47. Qe1 d5 (47... b3 48. Qc3 $18) 48. Qxb4 d4 49. Qc4+ Kh7 50. Qd3+ Kg8 51. f5 {After blockading the advance of the d-pawn Carlsen will enlist his own king for the active service.} Kf7 52. Kg2 Kxf6 53. Kg3 Kg7 54. h4 Nh7 55. Kf2 (55. h5 Nf6 56. Qd2 Ng8 57. Qe2 d3 58. Qe6 $18) 55... Nf6 56. Qd2 $1 Nh7 {The knight is forced to remain extremely passive, otherwise White wins in a direct attack.} (56... d3 57. Qg5+ Kf7 58. Qg6+ Ke7 59. Qg7+ Ke8 60. Qxf6 d2 61. Qe6+ Kd8 62. Qxd7+ Kxd7 63. Ke2 $18) 57. Ke1 d3 58. Qg2+ Kh8 59. Kd2 Nf8 60. Qg5 Kh7 (60... Nh7 61. Qe3 Nf8 62. h5 $18) 61. h5 Kh8 62. f6 Kh7 63. f4 Kh8 64. h6 Kh7 65. f5 {A charming and original zugzwang position. Black has no moves, thus he admitted his defeat.} (65. f5 Kh8 66. Qg7+ Rxg7 67. fxg7+ Kg8 68. gxf8=Q+ Kxf8 69. Kxd3 $18) 1-0

[Event "Grand Slam Final 3rd"]
[Site "Bilbao"]
[Date "2010.10.15"]
[Round "6"]
[White "Anand, Viswanathan"]
[Black "Carlsen, Magnus"]
[Result "1/2-1/2"]
[WhiteElo "2800"]
[BlackElo "2826"]
[Annotator "Edouard,Romain"]
[PlyCount "100"]
[EventDate "2010.10.09"]
[EventType "tourn"]
[EventRounds "6"]
[EventCountry "ESP"]
[EventCategory "22"]
[SourceTitle "CBM 139"]
[Source "ChessBase"]
[SourceDate "2010.11.18"]
[SourceVersion "1"]
[SourceVersionDate "2010.11.18"]
[SourceQuality "1"]

1. e4 {Edouard,Romain} e5 2. Nf3 Nc6 3. Bb5 a6 4. Ba4 Nf6 5. O-O Be7 6. Re1 b5 7. Bb3 d6 8. c3 O-O 9. h3 Nb8 10. d4 Nbd7 11. Nbd2 Bb7 12. Bc2 Re8 ({RR} 12... c5) 13. a4 Bf8 14. Bd3 c6 15. b4 ({RR} 15. b3) 15... Nb6 16. axb5 cxb5 {Nice to see Magnus playing the same line again!} ({RR} 16... axb5 17. Rxa8 Bxa8 ({RR} 17... Qxa8 18. Nb3) 18. Nb3 Bb7 19. dxe5 dxe5 20. Be3 Bc8 21. Qc2 Qc7 22. Na5 Bd7 23. Rc1 h6 24. Nd2 Na4 25. Ndb3 Rb8 26. Ra1 c5 27. bxc5 Nxc5 28. Nxc5) 17. d5 Rc8 18. Ra3 $146 (18. Bb2 {was Shirov move in round 3.}) ({RR} 18. Bb2 Nh5 19. Bf1 f5 20. Nxe5 ({RR} 20. exf5 Nf4) 20... Rxe5 21. c4 ({RR} 21. Qxh5 fxe4) 21... Nf6 22. Bxe5 ({RR} 22. c5 fxe4 ({RR} 22... Rxd5 23. exd5 dxc5 24. bxc5 Bxc5) 23. Bxe5) 22... dxe5 23. c5 fxe4 24. d6 ({RR} 24. cxb6 Bxb4) 24... Na4 ({RR} 24... Bxd6 25. cxd6 Qxd6 26. Qb3+ Kh8 27. Rad1) 25. Nc4 ({RR} 25. Rxa4 bxa4 26. Nc4 ({RR} 26. Qxa4 Bxd6 27. cxd6 Qxd6) 26... Qe8) ({RR} 25. Bc4+ Kh8 26. Be6 Rxc5 27. bxc5 Nxc5 28. Bf5 Bxd6 ({RR} 28... Qxd6 29. Qc2 Qc6 30. Nb3 e3 31. f3 Nxb3 32. Qxb3 Bc5 33. Rac1 e4 34. fxe4 Nxe4 35. Bxe4 Qxe4 36. Re2) 29. Qc2 Qa8 30. Nb3 Nd3 31. Red1) ({RR} 25. Rc1 Bxd6 26. cxd6 Rxc1 27. Qxc1 Qxd6) 25... Nxc5 26. bxc5 Rxc5 27. Qb3 Bd5 28. Qb4 Rxc4 ({RR} 28... Rc6 29. Nxe5 ({RR} 29. Ne3 Qxd6 30. Qxd6 Bxd6 31. Rec1 Rb6 32. Rc8+ Kf7 33. Nxd5 Nxd5) 29... Rxd6 30. Red1) 29. Bxc4 bxc4 30. Rxa6 Qc8 31. Qa5 c3 32. d7 Qxd7 {Shirov,A (2749)-Carlsen,M (2826) Bilbao 2010 CBM 139 [Edouard,Romain] ½-½ (175)}) ({RR} 18. Qb3 Qc7 19. Bb2 Nh5 20. Rac1 f5 ({RR} 20... Nf4 21. Bf1 f5) 21. c4 fxe4 22. cxb5 Qd7 23. Nxe4 Bxd5 24. Qd1 Rxc1 25. Bxc1 axb5 26. Nfg5 Bxe4 27. Nxe4 Nf4 28. Bxf4 exf4 29. Ng5 Rxe1+ 30. Qxe1 Qe7 31. Ne6 Kf7 ({RR} 31... g6) 32. Bxh7 Qf6) 18... Nh5 19. Nf1 g6 $146 ({RR} 19... Nf4 20. Bxf4 exf4 21. Nd4 Qf6 22. Nh2 Na4 23. Ng4 Qe7 24. Qd2 h5 25. Nh2 g6 26. Nhf3 Bg7 27. Rc1 Qf6 28. c4 bxc4 29. Rxc4 Nb6 30. Rxc8 Bxc8 31. Bxa6 g5 32. Nc6 g4 33. Qd4 gxf3 34. Qxb6 {Munguntuul,B (2452)-Kashlinskaya,A (2334) Kazan 2013 1-0 (53)}) 20. N1h2 {Probably the first unprecise move.} Bg7 21. Bg5 $6 Qd7 22. Be3 $6 {Somehow, White's 2-3 last moves were just bad.} Nc4 $6 ({Both} 22... Nxd5 23. exd5 e4 {and}) (22... Na4 {followed by ...f5 are given near by winning for Black by the engine!}) 23. Bxc4 Rxc4 24. Nd2 Rc7 25. Nhf1 Nf4 {Also here, Black is doing very fine.} 26. Bb6 Rcc8 27. Ne3 f5 28. f3 Rf8 29. Kh2 Rf7 $2 (29... Nd3 30. Rf1 Bh6 {would make White's task much harder, for instance:} 31. Qb1 Nf4 32. c4 $5 Ne2 $1 (32... bxc4 $6 33. Nexc4 Ne2 34. Be3 {is OK for White.}) 33. c5 Bf4+ 34. Kh1 Ng3+ 35. Kg1 Nxf1 36. Ndxf1 {and White keep some chances.}) 30. c4 $1 {Now White espaces. I think that Carlsen underestimated his position and didn't believe he should try something too rough, or he overestimated and thought he has enough time for preparing his attack with moves like 29...f7.} bxc4 31. Nexc4 fxe4 32. fxe4 Rcf8 33. Be3 Bh6 34. Rf1 Bg7 35. Qa4 Qe7 36. b5 axb5 37. Qxb5 Bc8 38. Qb6 Qg5 39. Rf2 Qh4 40. Bxf4 ({The defensive} 40. Nf3 $5 Qh5 41. Ng1 {could be a much better try, as Black has huge problems with the d6-pawn, but just leads to a weird draw by force:} Qh4 $8 42. Nxd6 Bxh3 $8 43. gxh3 Nxd5 $8 44. Qb3 Rxf2+ 45. Bxf2 Rxf2+ 46. Kh1 Qf4 47. Qxd5+ Kh8 48. Ra8+ Bf8 49. Rxf8+ Qxf8 50. Qxe5+ Qg7 $8 51. Qe8+ Qg8 52. Qa4 Qa2 $8 {and draw.}) 40... Rxf4 (40... exf4 $5 {holds thanks to the trick} 41. Nxd6 Qg3+ $3 42. Rxg3 fxg3+ 43. Kxg3 Be5+ 44. Kh4 Rxf2 45. Nxc8 Bf6+ 46. Kg3 Be5+ {and draw!}) 41. Rxf4 Qxf4+ 42. Kg1 Bh6 43. Rf3 Qg5 44. Qc6 Rxf3 45. Nxf3 Qc1+ 46. Kf2 Bd7 47. Qxd7 Qxc4 48. Qe6+ Kg7 49. Qe7+ Kg8 50. Qe6+ Kg7 1/2-1/2